Country comparison - Statistics

General Stats
  • This quiz has been taken 34 times
  • The average score is 14 of 15
Answer Stats
Clue Answer % Correct
Russia or antartica Russia
100%
Austria or Sweden Sweden
100%
Jordan or azerbaijan Azerbaijan
97%
Germany or finland Germany
97%
Ireland or Iceland Iceland
97%
Iran or Iraq Iran
97%
Philippines or italy Italy
97%
Philippines or Ecuador Philippines
97%
Oman or Poland Poland
97%
Nauru or Tuvalu Tuvalu
97%
UK or Guinea UK
97%
UK or Uganada UK
97%
China or USA USA
97%
CAR or Algeria Algeria
93%
Earth or every country in the world Same
3%
No matching quizzes found
Score Distribution
Percent of People with Each Score
Percentile by Number Answered
Your Score History
You have not taken this quiz